000 00313nam a22001457a 4500
008 210225b ||||| |||| 00| 0 eng d
020 _a9780547207124
041 _aeng
080 _26th
_a32
082 _a32
100 _a25
101 _aEDU
245 _aEssential Study Skills
_cWong, L
942 _2udc
_cBK
999 _c55237
_d55237